| 000 | 00779cac a22002051u 4500 | ||
|---|---|---|---|
| 090 | _c4616 | ||
| 008 | 081222t 2003xxu||||| |||| 00| 0 eng d | ||
| 010 | _a99060961 | ||
| 020 | _a0324183437 | ||
| 082 | 0 | 0 |
_a657.0460973 _bPAH |
| 100 | _aPahler, Arnold J. | ||
| 245 | 1 | 0 |
_aAdvanced accounting : _bconcepts and practice / _cArnold J. Pahler, |
| 250 | _a8th ed. | ||
| 260 |
_aMason, Ohio : _bThomson/South-Western, _c2003 |
||
| 300 |
_axxvii, 1091 p. : _bill. ; _c29 cm. |
||
| 504 | _aIncludes bibliographical references and index. | ||
| 650 | 0 | _aAccounting. | |
| 942 |
_cBB _k657.0460973PAH _2ddc |
||
| 999 |
_c4616 _d4616 |
||